| 000 | 00560nam a2200169 i 4500 | ||
|---|---|---|---|
| 001 | 93829 | ||
| 003 | ES-MaACL | ||
| 005 | 20240427063117.0 | ||
| 007 | t| | ||
| 008 | 050420s1977 sp ||||1| spa d | ||
| 100 | 1 |
_aPantorba, Bernardino de, _d1896-1990 _988829 |
|
| 245 | 1 | 0 |
_aCómo, cuándo, dónde, por qué y para qué nació Bernardino de Pantorba / _cBernardino de Pantorba. |
| 260 |
_aMadrid : _b[s.n.], _c1977 ( _fGráf. Nebrija) |
||
| 300 |
_a39 p., 4 h. ; _c22 cm. |
||
| 852 |
_aES-MaACL _j2120-F-24 _bR.100455 |
||
| 999 |
_c93829 _d93829 |
||